00652cam a22002051 450000100100000000500170001000800410002701000130006803500180008104000310009904200120013005000200014210000250016224500480018726000350023530000210027091000330029195201050032499900170042900001916520200929165934.0730716s1968 gw 000 1 ger  a70355552 a(OCoLC)656385 aDO-SdBNPcOClUdOCoLCdDLC apremarc00aPT2664.O53bZ431 aDomin, Hilde.94051214aDas zweite Paradies; :bRoman in Segmenten. aMunchen, :bR. Piper,c[1968]. a199 p. ;c20 cm. aCatalogación derivada / LC 001050718MOaGRbGRcHDd2010-05-27iLF1l0o p19165-10r2020-06-25w2020-06-25y1ZNo se presta c18683d18683